Photonics in switching (Record no. 30765)

000 -LEADER
fixed length control field 00677nam a2200253 a 4500
001 - CONTROL NUMBER
control field 30765
003 - CONTROL NUMBER IDENTIFIER
control field BD-DhUET
008 - FIXED-LENGTH DATA ELEMENTS--GENERAL INFORMATION
fixed length control field 921020s1993 maua b 001 0 eng
020 ## - INTERNATIONAL STANDARD BOOK NUMBER
International Standard Book Number 0124960529
040 ## - CATALOGING SOURCE
Original cataloging agency DLC
Transcribing agency DLC
Modifying agency BD-DhUET
082 ## - DEWEY DECIMAL CLASSIFICATION NUMBER
Classification number 623.857
Item number PHO/1993
100 ## - MAIN ENTRY--PERSONAL NAME
Personal name Midwinter, John E.
245 00 - TITLE STATEMENT
Title Photonics in switching
250 ## - EDITION STATEMENT
Edition statement 1st ed.
260 ## - PUBLICATION, DISTRIBUTION, ETC. (IMPRINT)
Place of publication, distribution, etc. Boston
Name of publisher, distributor, etc. Academic Press
Date of publication, distribution, etc. 1993
300 ## - PHYSICAL DESCRIPTION
Extent xii, 352p.
Other physical details ill.
Dimensions 24 cm.
500 ## - GENERAL NOTE
General note Vol. 2
504 ## - BIBLIOGRAPHY, ETC. NOTE
Bibliography, etc Includes bibliographical references and indexes
650 #0 - SUBJECT ADDED ENTRY--TOPICAL TERM
Topical term or geographic name as entry element Telecommunication
650 #0 - SUBJECT ADDED ENTRY--TOPICAL TERM
Topical term or geographic name as entry element Photonics
650 #0 - SUBJECT ADDED ENTRY--TOPICAL TERM
Topical term or geographic name as entry element Switching circuits
650 #0 - SUBJECT ADDED ENTRY--TOPICAL TERM
Topical term or geographic name as entry element Switching Electronic systems
942 ## - ADDED ENTRY ELEMENTS (KOHA)
Koha item type Edited Book
Holdings
Damaged status Date acquired Location (home branch) Koha item type Shelving location Koha date last seen Piece designation (barcode) Source of classification or shelving scheme Sublocation or collection (holding branch) Price effective from Withdrawn status Koha full call number Not for loan Koha normalized classification for sorting Copy number Lost status
 2015-06-25Central Library, BUETReading ItemReading section2015-06-2588645 Central Library, BUET2015-06-25 623.857/PHO/1993 623_857000000000000_PHO_19931